Music Quiz

Random Music or Artist Quiz

Top R&B/Hip-Hop Acts 1985-2010 Quiz Stats

 Plays Quiz not verified by Sporcle

Score 0/50 Timer 15:00
0 Plays Today
Rank Artist % Correct
8Jay-Z
79.4%
38Eminem
74.9%
192Pac
68.4%
15Beyoncé
67.3%
13Michael Jackson
61.7%
6Usher
60.4%
4Mariah Carey
59.5%
3Whitney Houston
59.2%
46Kanye West
59.1%
21Lil Wayne
57.6%
2850 Cent
57.1%
5Janet Jackson
56.5%
42Destiny's Child
55.7%
37Snoop Dogg
55.2%
17Boyz II Men
51.9%
1R. Kelly
51.6%
45Chris Brown
50.5%
39Nelly
50%
2Mary J. Blige
48.7%
20T.I.
48.7%
25TLC
48.4%
9Freddie Jackson
43.7%
36Bobby Brown
42.9%
10Alicia Keys
42.6%
14Ludacris
41.4%
Rank Artist % Correct
47Brandy
39.6%
24Monica
38.5%
16LL Cool J
37.9%
27Aaliyah
37.5%
11Prince
36.7%
18Toni Braxton
35%
49En Vogue
34%
23New Edition
32%
7Luther Vandross
31.6%
26Stevie Wonder
30.3%
41Ne-Yo
27.3%
48Joe
24.1%
30Jodeci
23.3%
12Keith Sweat
22.7%
33Kenny 'Babyface' Edmonds
21.8%
22Anita Baker
21.2%
43Patti LaBelle
19.9%
34Sade
18.3%
32Gerald Levert
17.5%
44Maxwell
17%
31LeVert
16.5%
50Tevin Campbell
16.2%
35Tony Toni Tone
13.9%
29Keyshia Cole
12.8%
40Musiq Soulchild
11.3%

You're not logged in!

Compare scores with friends on all Sporcle quizzes.
OR
Log In

Show Comments

Extras

Top Quizzes Today


Score Distribution

Your Account Isn't Verified!

In order to create a playlist on Sporcle, you need to verify the email address you used during registration. Go to your Sporcle Settings to finish the process.

Report this User

Report this user for behavior that violates our Community Guidelines.

Details: